Premio a la Excelencia Institucional año 2004 Dibam. Memoria 2000-2005

Spremljeno u:
Bibliografski detalji
Autor kompanije: Dirección de Bibliotecas, Archivos y Museos (Autor)
Format: Knjiga
Jezik:španjolski
Izdano: Santiago Departamento de Prensa y Relaciones Públicas Dibam 2005
Teme:
Oznake: Dodaj oznaku
Bez oznaka, Budi prvi tko označuje ovaj zapis!

MARC

LEADER 00000nam a2200000 a 4500
001 UCH3417
003 CL-VaPUC
008 090723e20050000CL |||||||||||||||||spa|d
082 0 4 |a 020  |b DIR  |2 21 
110 2 |a Dirección de Bibliotecas, Archivos y Museos  |e author  |9 538762 
245 1 0 |a Premio a la Excelencia Institucional año 2004 Dibam. Memoria 2000-2005 
300 |a 183 p 
942 |c BK 
945 |d 20090723 00:00:00  |a dcastane 
260 |a Santiago  |b Departamento de Prensa y Relaciones Públicas Dibam  |c 2005 
500 |a Incluye CD y separata 
650 0 |a Bibliotecas  |9 334508 
650 0 |a Archivos  |9 322428 
650 0 |a Museos  |9 269209 
651 7 |a CHILE  |2 CL-VaPUC  |9 538763 
583 |a last modification  |c 20090723 00:00:00  |k Rodrigo Vera 
999 |c 334986  |d 334984 
952 |0 0  |1 0  |4 0  |6 020_000000000000000_DIR_2005  |7 0  |8 X  |9 424434  |a FDOBUD  |b FDOBUD  |d 2019-11-22  |i 4578708  |o 020 DIR 2005  |p 4578708  |r 2019-11-22  |w 2019-11-22  |y BK_X  |k BUD